Plus petits pays du Monde qui partagent au moins deux frontières - Statistiques

Statistiques générales
  • Ce quiz a été pris 116 fois
  • Le résultat moyen est 14 sur 20
Statistiques - réponses
Frontières Continent Pays % Correct
2 Europe Andorre
97%
2 Europe Liechtenstein
95%
3 Europe Luxembourg
92%
4 Europe Kosovo
83%
5 Europe Macédoine du Nord
77%
5 Europe Monténégro
77%
2 Amérique du Nord Salvador
77%
2 Amérique du Nord Belize
74%
4 Afrique Rwanda
71%
4 Europe Slovénie
71%
3 Afrique Burundi
70%
2 Afrique Eswatini
68%
2 Asie Liban
68%
3 Afrique Djibouti
66%
4 Asie Israël
65%
4 Europe Albanie
63%
2 Asie Koweït
62%
2 Afrique Guinée Équatoriale
59%
4 Europe Belgique
58%
4 Asie Arménie
55%
Aucun quiz correspondant
Distribution des résultats
% des personnes avec chaque résultat
Percentile par nombre de réponses
Votre historique - résultats
Vous n’avez pas pris ce quiz